Les Philippines : (Record no. 158571)

MARC details
000 -LEADER
campo de control de longitud fija 01085nam a22002415i 4500
001 - NÚMERO DE CONTROL
campo de control 158571
003 - IDENTIFICADOR DE NÚMERO DE CONTROL
campo de control ES-MaACL
005 - FECHA Y HORA DE LA ÚLTIMA TRANSACCIÓN
campo de control 20230906211222.0
008 - DATOS DE LONGITUD FIJA--INFORMACIÓN GENERAL
campo de control de longitud fija 990318s1846 fr a |||| | fre d
080 ## - NÚMERO DE LA CLASIFICACIÓN DECIMAL UNIVERSAL
Número de la Clasificación Decimal Universal 908(599)
100 1# - ENTRADA PRINCIPAL--NOMBRE DE PERSONA
Nombre de persona Mallat, J.
9 (RLIN) 129387
245 14 - MENCIÓN DEL TÍTULO
Título Les Philippines :
Resto del título histoire, géographie, moeurs, agriculture, industrie et commerce des colonies espagnoles dans l'Océanie /
Mención de responsabilidad, etc. par J. Mallat.
260 ## - PUBLICACIÓN, DISTRIBUCIÓN, ETC.
Lugar de publicación, distribución, etc. Paris :
Nombre del editor, distribuidor, etc. Arthus Bertrand,
Fecha de publicación, distribución, etc. 1846 (
Fabricante Imp. de Madame Veuve Bouchard-Huzard)
300 ## - DESCRIPCIÓN FÍSICA
Extensión 3 v. ;
Dimensiones 23 cm, 51 cm.
505 8# - NOTA DE CONTENIDO CON FORMATO
Nota de contenido con formato Contiene: I-II. Texto (399 ; 380, 2 p., [2] h. pleg. ) -- III. Atlas (18 plan.)
594 ## - Nota al título y mención de responsabilidad
Nota al título y mención de responsabilidad Disponible en formato digital: v. 1-2
599 ## - NOTA A LAS ILUSTRACIONES
NOTA A LAS ILUSTRACIONES Las lám. del atlas lit.: "Lith. Bayot. Imp. Lemercier á París"
651 #4 - PUNTO DE ACCESO ADICIONAL DE MATERIA--NOMBRE GEOGRÁFICO
Nombre geográfico Filipinas-
Subdivisión general Descripción.
9 (RLIN) 8657
651 #4 - PUNTO DE ACCESO ADICIONAL DE MATERIA--NOMBRE GEOGRÁFICO
Nombre geográfico Filipinas-
Subdivisión general Historia.
9 (RLIN) 8658
651 #4 - PUNTO DE ACCESO ADICIONAL DE MATERIA--NOMBRE GEOGRÁFICO
Nombre geográfico Filipinas-
Subdivisión general Geografía.
9 (RLIN) 137152
852 4# - LOCALIZACIÓN
Ubicación ES-MaACL
Número de control de estantería R-2067-69
Nota libre - Enc. hol. Olim: G7065-6 Bis.
856 4# - LOCALIZACIÓN Y ACCESO ELECTRÓNICOS
Identificador Uniforme de Recursos <a href="http://bdh-rd.bne.es/viewer.vm?id=0000005887&page=1 ">http://bdh-rd.bne.es/viewer.vm?id=0000005887&page=1 </a>
Nota pública Biblioteca Digital Hispánica
-- (V. 1-2)
Holdings
Estatus retirado Estado de pérdida Estado de daño No para préstamo Colección Biblioteca de origen Biblioteca actual Ubicación en estantería Fecha de adquisición Total de préstamos Signatura topográfica completa Código de barras Visto por última vez Precio de reemplazo Tipo de ítem Koha
        Colección digital Biblioteca del Ateneo de Madrid Biblioteca del Ateneo de Madrid Depósito 17/01/2008   R-2067-69 1165971 23/02/2023 23/02/2023 Libro impreso antiguo